| 000 | 00595nam a22001697a 4500 | ||
|---|---|---|---|
| 999 |
_c6443 _d6443 |
||
| 003 | AR-CdUCM | ||
| 008 | 190315b ||||| |||| 00| 0 spa d | ||
| 040 |
_aMUNICIPALIDAD PROVINCIAL DEL CUSCO _cBIBLIOTECA MUNICIPAL DEL CUSCO |
||
| 082 |
_a498.515 / _bME1 |
||
| 100 |
_aParker, Gary J _918275 |
||
| 245 |
_aGramática quechua : _bAncash - Huailas / |
||
| 300 |
_a187 paginas ; _c20 cm. |
||
| 440 |
_aMinisterio de educación _915645 |
||
| 505 | _aContenido : Introducción -- Fonología -- La oración básica -- La frase sustantiva -- La frase verbal ... | ||
| 942 |
_2ddc _cLIBROS |
||
| 945 | _arah | ||